Patterns of neotropical plant species diversity (Registro nro. 9861)

Detalles MARC
000 -CABECERA
Campo de control 004190000a22001450004500
090 ## - CLASIFICACIÓN LOCAL
Colección AR
Consecutivo 00770
041 0# - IDIOMA
Código de idioma para texto/pista de sonido o título separado
100 1# - ASIENTO PRINCIPAL--NOMBRE PERSONAL
Nombre personal Gentry, Alwyn H.
245 10 - MENCION DE TITULO
Título Patterns of neotropical plant species diversity
650 14 - ASIENTO SECUNDARIO DE MATERIA - TERMINO TEMATICO
Término temático o nombre geográfico como elemento de entrada Vegetación
650 14 - ASIENTO SECUNDARIO DE MATERIA - TERMINO TEMATICO
Término temático o nombre geográfico como elemento de entrada Patrones de distribución
650 14 - ASIENTO SECUNDARIO DE MATERIA - TERMINO TEMATICO
Término temático o nombre geográfico como elemento de entrada Riqueza de especies
773 1# - Item fuente:
Título Evolutionary Biology
Especificación de materiales 289
Descripción física 15
Paginas del Articulo 1-84
Lugar, editorial y fecha de publicación 1982
Información sobre la relación 15
942 ## - ELEMENTOS ADICIONALES (KOHA)
Tipo de ítem Artículo
Existencias
Withdrawn status Lost status Damaged status No para préstamo Colección Ubicación Permanente Ubicación actual Fecha de adquisición Fuente de Valor Datos de publicación Seriada Total Checkouts Número topográfico Inventario / Código de Barras Date last seen Ejemplar Price effective from Forma de adquisición Tipo de material
      No para Préstamo Hemeroteca Bogotá Bogotá 27/02/2015 Instituto de Ciencias Naturales Fuera de circulación   AR 00770 014290 25/03/2015 1 25/03/2015   Artículo